Top 20 Countries with Catholic Priests - Statistics

General Stats
  • This quiz has been taken 225 times
  • The average score is 17 of 20
Answer Stats
Number of Priests Country % Correct
50,148 Italy
99%
25,281 Spain
98%
21,930 France
97%
44,906 United States
97%
16,853 Brazil
96%
18,365 Germany
94%
14,618 Mexico
94%
28,457 Poland
92%
5,648 Argentina
91%
8,441 Canada
89%
6,075 United Kingdom
89%
7,920 Colombia
85%
19,946 India
83%
7,335 Philippines
80%
4,559 China
78%
4,268 Ireland
74%
4,360 Austria
71%
4,437 Nigeria
68%
7,279 Belgium
63%
4,306 D. R. Congo
63%
No matching quizzes found
Score Distribution
Percent of People with Each Score
Percentile by Number Answered
Your Score History
You have not taken this quiz